00448nam a2200145Ia 4500008004100000040001900041041001200060082002000072100001700092245009600109260004200205300002500247504002200272650000800294131103s9999 xx 000 0 und d aLoreto College aEnglish aREFbLCBED/7487 aHornby, A.S. 4aThe advanced learners dictionary of current englishcA,S.Hornby , E.V.Gatenby & H.Wakefield aLondonbOxford University Pressc1965 a1200pb ill.c 19cm. aIncludes appendix aREF